[Event "FIDE WRBTC Blitz-Pool 2024"]
[Site "Astana"]
[Date "2024.08.05"]
[Round "3.19"]
[White "Beristenov, Kair"]
[Black "Sychev, Klementy"]
[Result "0-1"]
[WhiteElo "1995"]
[BlackElo "2531"]
[Annotator "ChessBase"]
[PlyCount "291"]
[EventDate "2024.08.01"]
[EventType "team-tourn"]
[EventCountry "KAZ"]
[SourceTitle "playchess.com"]
[Source "ChessBase"]
[SourceQuality "1"]

1. e4 e5 2. d4 exd4 3. Qxd4 Nc6 4. Qe3 Nf6 5. Nc3 Bb4 6. Bd2 O-O 7. O-O-O Re8 8. Bc4 d6 9. Nf3 Be6 10. Bxe6 Rxe6 11. Ng5 Re8 12. a3 Ba5 13. Qg3 Ne5 14. f4 Nc4 15. Be1 Qe7 16. Nd5 Nxd5 17. Bxa5 Nxf4 18. Qxf4 Nxa5 19. Qf5 g6 20. Qxa5 h6 21. Nf3 Qxe4 22. Kb1 b6 23. Qc3 Rac8 24. h4 Qg4 25. h5 g5 26. Rd2 Re6 27. Nd4 Re4 28. Rf1 Rf4 29. Rxf4 Qxf4 30. Re2 c5 31. Nf3 d5 32. Qe5 Qxe5 33. Rxe5 d4 34. g4 Kf8 35. Kc1 Rc6 36. Rf5 f6 37. Rd5 Ke7 38. Kd2 Re6 39. b4 Re4 40. bxc5 bxc5 41. Rxc5 Rxg4 42. Rc7+ Kd6 43. Rh7 Rf4 44. Ke2 g4 45. Nh4 g3 46. Nf3 g2 47. Rg7 Rf5 48. Rxg2 Rxh5 49. Nxd4 Kd5 50. Nf3 Kc4 51. Rg6 Kc3 52. Rxf6 Kxc2 53. Ra6 Kb3 54. Rxa7 Rd5 55. a4 Kb4 56. Nd2 Ra5 57. Rb7+ Kxa4 58. Kd3 Rh5 59. Ne4 Ka5 60. Kc4 Rh4 61. Kd5 Ka4 62. Rb6 Ka3 63. Nc3 Rb4 64. Ra6+ Kb3 65. Ne4 h5 66. Rh6 Rb5+ 67. Kd4 Rb4+ 68. Kd3 Rb5 69. Ng3 Rd5+ 70. Ke4 Rd8 71. Rxh5 Kc4 72. Nf1 Re8+ 73. Kf3 Rf8+ 74. Ke2 Kd4 75. Ne3 Re8 76. Rh4+ Kc5 77. Kd3 Rf8 78. Rh5+ Kc6 79. Ke4 Rf2 80. Nc4 Rf1 81. Kd4 Rd1+ 82. Kc3 Rg1 83. Ne5+ Kd6 84. Kd4 Rd1+ 85. Nd3 Rd2 86. Rh6+ Kd7 87. Ke4 Rd1 88. Ne5+ Kc7 89. Nf3 Kd7 90. Nd4 Ra1 91. Rg6 Ra2 92. Nf3 Ke7 93. Ne5 Re2+ 94. Kf4 Re1 95. Nf3 Rf1 96. Ke4 Ra1 97. Nd4 Re1+ 98. Kd5 Rd1 99. Ra6 Rd2 100. Ke5 Kf7 101. Nf5 Re2+ 102. Kf4 Re1 103. Nh6+ Ke7 104. Ng4 Kd7 105. Ne3 Kc7 106. Ke4 Rh1 107. Kd4 Kd7 108. Ke5 Kc7 109. Nd5+ Kb7 110. Rb6+ Kc8 111. Kd4 Kd7 112. Ra6 Rd1+ 113. Ke5 Re1+ 114. Kd4 Rd1+ 115. Kc4 Rc1+ 116. Nc3 Ke7 117. Kd4 Kf7 118. Ne4 Rh1 119. Ke5 Rh5+ 120. Kf4 Rh1 121. Kf5 Rf1+ 122. Ke5 Rh1 123. Ng5+ Kg7 124. Kf4 Rf1+ 125. Nf3 Kf7 126. Ke4 Ke7 127. Nd4 Kf7 128. Nf5 Re1+ 129. Kf4 Rf1+ 130. Kg4 Rg1+ 131. Ng3 Ke7 132. Kf4 Kd7 133. Ne4 Rh1 134. Ke5 Rh5+ 135. Kd4 Rh1 136. Rg6 Ke7 137. Ke5 Kd7 138. Nf6+ Kc6 139. Ne4+ Kd7 140. Kd5 Rd1+ 141. Ke5 Kc7 142. Ra6 Rh1 143. Kd4 Kd7 144. Nc5+ Ke7 145. Ra7+ Kf6 146. Ne4+ 0-1

[Event "FIDE WRBTC Blitz-Pool 2024"]
[Site "Astana"]
[Date "2024.08.05"]
[Round "3.20"]
[White "Zemlyanskii, Ivan"]
[Black "Isaev, Anton"]
[Result "1-0"]
[WhiteElo "2543"]
[BlackElo "2156"]
[Annotator "ChessBase"]
[PlyCount "67"]
[EventDate "2024.08.01"]
[EventType "team-tourn"]
[EventCountry "KAZ"]
[SourceTitle "playchess.com"]
[Source "ChessBase"]
[SourceQuality "1"]

1. d4 Nf6 2. c4 e6 3. Bf4 d5 4. Nc3 Be7 5. e3 O-O 6. Nf3 dxc4 7. Bxc4 a6 8. a4 c5 9. O-O Nc6 10. Qe2 cxd4 11. Rfd1 Qa5 12. exd4 Nb4 13. Ne5 Nbd5 14. Bd2 Qd8 15. Bg5 h6 16. Bh4 Nxc3 17. bxc3 Nd5 18. Bxe7 Nxe7 19. Bd3 Nd5 20. Bc2 Qg5 21. Qd3 g6 22. h4 Qf6 23. g3 h5 24. Qd2 Kg7 25. Be4 Rd8 26. c4 Ne7 27. Qb4 Nf5 28. Bxf5 Qxf5 29. Ra3 Qc2 30. Rdd3 Bd7 31. Qe7 Be8 32. Rf3 Rd7 33. Nxd7 Qd1+ 34. Kh2 1-0

[Event "FIDE WRBTC Blitz-Pool 2024"]
[Site "Astana"]
[Date "2024.08.05"]
[Round "3.20"]
[White "Shubin, Kirill"]
[Black "Zeynyshev, Elnur"]
[Result "1-0"]
[WhiteElo "2459"]
[BlackElo "1812"]
[Annotator "ChessBase"]
[PlyCount "107"]
[EventDate "2024.08.01"]
[EventType "team-tourn"]
[EventCountry "KAZ"]
[SourceTitle "playchess.com"]
[Source "ChessBase"]
[SourceQuality "1"]

1. e4 c5 2. Nf3 e6 3. g3 Nc6 4. Bg2 Nf6 5. Qe2 d6 6. O-O Be7 7. c3 O-O 8. Na3 d5 9. e5 Nd7 10. Nc2 b6 11. Rd1 Bb7 12. d4 Rc8 13. h4 cxd4 14. Ncxd4 Nxd4 15. cxd4 Qc7 16. Bg5 Bxg5 17. Nxg5 Qc2 18. Rd2 Qg6 19. Nh3 h6 20. Nf4 Qh7 21. Bf1 Nb8 22. Qg4 Ba6 23. Bh3 Rc6 24. Nh5 Kh8 25. Qf3 Qg6 26. Nf4 Qe4 27. Qxe4 dxe4 28. Bg2 Rfc8 29. Bxe4 Rc1+ 30. Rxc1 Rxc1+ 31. Kg2 Bb5 32. f3 Na6 33. d5 g5 34. hxg5 hxg5 35. Nh5 exd5 36. Rxd5 Rc8 37. Rxb5 Nc7 38. Rb3 Ne6 39. Rc3 Rd8 40. Rc2 Nc5 41. b4 Ne6 42. Kf2 Kg8 43. Ke3 Kf8 44. Nf6 Kg7 45. Rh2 Rh8 46. Rxh8 Kxh8 47. Bd5 Nc7 48. Bxf7 Na6 49. a3 Kg7 50. Bc4 Nc7 51. Ke4 Kg6 52. f4 b5 53. Bb3 gxf4 54. gxf4 1-0

[Event "FIDE WRBTC Blitz-Pool 2024"]
[Site "Astana"]
[Date "2024.08.05"]
[Round "3.20"]
[White "Ten, Viktor"]
[Black "Prokoptsov, Mikhail"]
[Result "1-0"]
[WhiteElo "2236"]
[BlackElo "1702"]
[Annotator "ChessBase"]
[PlyCount "53"]
[EventDate "2024.08.01"]
[EventType "team-tourn"]
[EventCountry "KAZ"]
[SourceTitle "playchess.com"]
[Source "ChessBase"]
[SourceQuality "1"]

1. e4 e6 2. d4 d5 3. e5 c5 4. c3 Qb6 5. Nf3 Nc6 6. Be2 Nh6 7. Bxh6 Qxb2 8. Bc1 Qxa1 9. Qc2 cxd4 10. O-O dxc3 11. Nxc3 Nb4 12. Qd2 d4 13. Nxd4 Nd5 14. Bb2 Qxf1+ 15. Bxf1 Bb4 16. Bb5+ Bd7 17. Qd3 Bxc3 18. Bxc3 a6 19. Bxd7+ Kxd7 20. Bb2 Rac8 21. h3 Rc7 22. Qa3 Rhc8 23. Qd6+ Ke8 24. Ba3 b5 25. Qf8+ Kd7 26. Qxf7+ Kd8 27. Nxe6# 1-0

[Event "FIDE WRBTC Blitz-Pool 2024"]
[Site "Astana"]
[Date "2024.08.05"]
[Round "3.21"]
[White "Dosmukhambetov, Arystan"]
[Black "Shogdzhiev, Roman"]
[Result "1-0"]
[WhiteElo "1976"]
[BlackElo "2124"]
[Annotator "ChessBase"]
[PlyCount "51"]
[EventDate "2024.08.01"]
[EventType "team-tourn"]
[EventCountry "KAZ"]
[SourceTitle "playchess.com"]
[Source "ChessBase"]
[SourceQuality "1"]

1. d4 d5 2. Nf3 Nf6 3. Bf4 Bf5 4. c4 e6 5. Qb3 Nc6 6. c5 Rb8 7. h3 Be7 8. Nc3 O-O 9. e3 Nd7 10. Be2 h6 11. O-O a6 12. a3 b5 13. cxb6 Nxb6 14. Qd1 Nc4 15. b4 Bh7 16. Bxc4 dxc4 17. Qa4 Rb6 18. Rac1 Bd3 19. Rfd1 Qa8 20. Ne1 Bh7 21. e4 a5 22. b5 Na7 23. Bxc7 Rb7 24. b6 Nc6 25. Qxc6 Qa6 26. Na4 1-0

[Event "FIDE WRBTC Blitz-Pool 2024"]
[Site "Astana"]
[Date "2024.08.05"]
[Round "3.21"]
[White "Borumbayev, Adil"]
[Black "Faizrakhmanov, Ramil"]
[Result "0-1"]
[WhiteElo "1848"]
[BlackElo "2424"]
[Annotator "ChessBase"]
[PlyCount "72"]
[EventDate "2024.08.01"]
[EventType "team-tourn"]
[EventCountry "KAZ"]
[SourceTitle "playchess.com"]
[Source "ChessBase"]
[SourceQuality "1"]

1. d4 Nf6 2. c4 e6 3. Nc3 Bb4 4. a3 Bxc3+ 5. bxc3 c5 6. f3 d5 7. e3 O-O 8. cxd5 Nxd5 9. Bd2 Nc6 10. f4 b6 11. Nf3 Bb7 12. Bd3 cxd4 13. exd4 Rc8 14. c4 Nf6 15. Bc3 Na5 16. Bxa5 bxa5 17. Be2 Bxf3 18. gxf3 Qd6 19. Kf2 Qxf4 20. Qd3 Rfd8 21. Rad1 Ng4+ 22. Ke1 Ne3 23. Rd2 Rxc4 24. Kf2 Rcxd4 25. Qxe3 Qxe3+ 26. Kxe3 Rxd2 27. Rb1 Ra2 28. Rb3 g6 29. h4 h5 30. Bd3 Rd5 31. Be4 Rc5 32. Kf4 Kg7 33. Ke3 Kf6 34. Kf4 a4 35. Rd3 Rb2 36. Rd4 Kg7 0-1

[Event "FIDE WRBTC Blitz-Pool 2024"]
[Site "Astana"]
[Date "2024.08.05"]
[Round "3.21"]
[White "Semenov, Miroslav"]
[Black "Skak, Abuali"]
[Result "0-1"]
[WhiteElo "1512"]
[BlackElo "1969"]
[Annotator "ChessBase"]
[PlyCount "64"]
[EventDate "2024.08.01"]
[EventType "team-tourn"]
[EventCountry "KAZ"]
[SourceTitle "playchess.com"]
[Source "ChessBase"]
[SourceQuality "1"]

1. e4 c5 2. d4 cxd4 3. c3 dxc3 4. Nxc3 e6 5. Bc4 Nc6 6. Nf3 Bb4 7. Bd2 Nge7 8. a3 Ba5 9. b4 Bc7 10. Bg5 f6 11. Bh4 Ng6 12. Bg3 O-O 13. Qb3 Nce5 14. Nxe5 Bxe5 15. O-O Bxg3 16. fxg3 Qb6+ 17. Kh1 Ne5 18. Be2 d6 19. Rac1 Bd7 20. Nd1 Rac8 21. Ne3 Kh8 22. Ng4 Bc6 23. Qxe6 Bd7 24. Rxc8 Rxc8 25. Qe7 Bxg4 26. Rxf6 gxf6 27. Qxf6+ Kg8 28. Qg5+ Ng6 29. Qd5+ Kg7 30. h3 Bxe2 31. Kh2 Rc1 32. g4 Qc6 0-1

[Event "FIDE WRBTC Blitz-Pool 2024"]
[Site "Astana"]
[Date "2024.08.05"]
[Round "3.22"]
[White "Bivol, Alina"]
[Black "Kim, Kristina"]
[Result "1-0"]
[WhiteElo "2345"]
[BlackElo "1943"]
[Annotator "ChessBase"]
[PlyCount "70"]
[EventDate "2024.08.01"]
[EventType "team-tourn"]
[EventCountry "KAZ"]
[SourceTitle "playchess.com"]
[Source "ChessBase"]
[SourceQuality "1"]

1. e4 g6 2. d4 Bg7 3. Nc3 c6 4. g3 d5 5. e5 Nh6 6. Bg2 Na6 7. Nge2 O-O 8. h3 f6 9. f4 Nf5 10. O-O Nc7 11. Kh2 fxe5 12. dxe5 e6 13. a4 c5 14. a5 a6 15. Na4 Qe7 16. Nb6 Rb8 17. c4 d4 18. Qd3 Bd7 19. Nxd7 Qxd7 20. Nc3 Qe7 21. Ne4 Rfd8 22. Bd2 Ne8 23. b4 cxb4 24. Rfb1 Rdc8 25. Bxb4 Qc7 26. Rc1 b6 27. axb6 Qxb6 28. Bd2 Qb3 29. Qxb3 Rxb3 30. Rxa6 Rb2 31. Rxe6 Bf8 32. c5 Nc7 33. Rc6 Ne7 34. Rb6 Ncd5 35. Rxb2 Rc7 1-0

[Event "FIDE WRBTC Blitz-Pool 2024"]
[Site "Astana"]
[Date "2024.08.05"]
[Round "3.22"]
[White "Orlov, Oleg"]
[Black "Omar, Temirlan"]
[Result "1-0"]
[WhiteElo "2254"]
[BlackElo "1874"]
[Annotator "ChessBase"]
[PlyCount "61"]
[EventDate "2024.08.01"]
[EventType "team-tourn"]
[EventCountry "KAZ"]
[SourceTitle "playchess.com"]
[Source "ChessBase"]
[SourceQuality "1"]

1. e4 e6 2. d4 d5 3. Nc3 Nf6 4. e5 Nfd7 5. f4 c5 6. Nf3 Nc6 7. Be3 a6 8. a3 b5 9. Bd3 b4 10. axb4 cxb4 11. Ne2 a5 12. O-O Ba6 13. f5 Be7 14. Bxa6 Rxa6 15. Qd3 Ra8 16. Nf4 Nf8 17. Nh5 Rg8 18. f6 gxf6 19. exf6 Bxf6 20. Nxf6+ Qxf6 21. Ng5 Qe7 22. Rxf7 Qxf7 23. Nxf7 Kxf7 24. Rf1+ Ke7 25. Qb5 Rc8 26. Qb7+ Nd7 27. h4 h5 28. Bg5+ Kd6 29. Rf7 Ndb8 30. Bf4+ e5 31. Rf6# 1-0

[Event "FIDE WRBTC Blitz-Pool 2024"]
[Site "Astana"]
[Date "2024.08.05"]
[Round "3.22"]
[White "Akhmedya, Madyar"]
[Black "Derksen, Vadim"]
[Result "1-0"]
[WhiteElo "1786"]
[BlackElo "1735"]
[Annotator "NA"]
[PlyCount "232"]
[EventDate "2024.08.01"]
[EventType "team-tourn"]
[EventCountry "KAZ"]
[SourceTitle "playchess.com"]
[Source "ChessBase"]
[SourceQuality "1"]

1. e4 c5 2. Nf3 Nc6 3. d4 cxd4 4. Nxd4 Nf6 5. Nc3 e5 6. Ndb5 d6 7. Bg5 a6 8. Na3 b5 9. Nd5 Be7 10. Bxf6 Bxf6 11. c3 Bg5 12. Be2 O-O 13. O-O Rb8 14. Nc2 Be6 15. Nce3 Bxe3 16. Nxe3 Ne7 17. Bf3 Qc7 18. Qd3 Rfd8 19. Rad1 Bxa2 20. Ra1 Bc4 21. Nxc4 bxc4 22. Qd2 a5 23. Rfd1 Qc5 24. Ra4 Qb5 25. Rda1 Qxb2 26. Qxb2 Rxb2 27. Rxa5 Rdb8 28. h4 g6 29. Ra7 R2b7 30. R7a6 Rb6 31. R6a4 Rc8 32. Ra7 Nc6 33. Rd7 Nb8 34. Re7 Nc6 35. Rd7 Nb8 36. Rda7 Nc6 37. R7a4 Ne7 38. Bg4 Rc7 39. Ra8+ Kg7 40. Rd8 h5 41. Be2 Nc6 42. Re8 Re7 43. Rc8 Rd7 44. Bxc4 Ne7 45. Re8 Rc6 46. Bb5 Rdc7 47. Bxc6 Nxc6 48. Ra6 Kf6 49. Rea8 Ne7 50. Rxd6+ Kg7 51. Rad8 Rxc3 52. R8d7 Ng8 53. Ra6 Rc4 54. f3 Rc1+ 55. Kf2 Rc5 56. Raa7 Nh6 57. Rdc7 Rb5 58. Rab7 Ra5 59. Rb8 Ra2+ 60. Kg3 Ra5 61. Rbc8 Ra6 62. Rc5 Re6 63. R8c6 Re7 64. Ra5 Kh7 65. Rcc5 f6 66. Ra6 Kg7 67. Rac6 Nf7 68. Rc7 Rxc7 69. Rxc7 Kg8 70. f4 Nd6 71. Kf3 exf4 72. Kxf4 Nf7 73. Rc6 Kg7 74. Ra6 Ne5 75. Ra7+ Kh6 76. Ra8 Nd3+ 77. Ke3 Ne5 78. Rf8 Kg7 79. Ra8 Ng4+ 80. Kf4 Ne5 81. Re8 Kf7 82. Rh8 Kg7 83. Ra8 Nd3+ 84. Ke3 Ne5 85. Kd4 Ng4 86. Ra7+ Kh6 87. Kc5 Ne3 88. g3 Nf1 89. Ra3 Nd2 90. Kc6 Nxe4 91. Kd7 Nf2 92. Ke6 Ng4 93. Ra8 g5 94. Rh8+ Kg6 95. Rg8+ Kh7 96. Ra8 gxh4 97. gxh4 Kg7 98. Kf5 Nh6+ 99. Ke6 Kg6 100. Ra5 Nf7 101. Ra1 Nh6 102. Rg1+ Ng4 103. Rf1 Kg7 104. Rf5 Kg6 105. Ra5 Ne5 106. Ra8 Ng4 107. Rg8+ Kh7 108. Rf8 Kg7 109. Ra8 Kg6 110. Ra5 Ne5 111. Ra1 Ng4 112. Rf1 Kg7 113. Rf5 Kg6 114. Ra5 Ne5 115. Ra3 Ng4 116. Ra1 Ne5 1-0

[Event "FIDE WRBTC Blitz-Pool 2024"]
[Site "Astana"]
[Date "2024.08.05"]
[Round "3.23"]
[White "Nauanova Zhaniya"]
[Black "Serikbay, Assel"]
[Result "0-1"]
[WhiteElo "1835"]
[BlackElo "2237"]
[Annotator "ChessBase"]
[PlyCount "98"]
[EventDate "2024.08.01"]
[EventType "team-tourn"]
[EventCountry "KAZ"]
[SourceTitle "playchess.com"]
[Source "ChessBase"]
[SourceQuality "1"]

1. c4 e5 2. Nc3 Nf6 3. g3 c6 4. d4 exd4 5. Qxd4 d5 6. cxd5 cxd5 7. Bg2 Nc6 8. Qd1 d4 9. Ne4 Bb4+ 10. Bd2 O-O 11. Nxf6+ Qxf6 12. Bxb4 Nxb4 13. Qd2 Nc6 14. Nf3 Bf5 15. O-O Rad8 16. Nh4 Bg4 17. Rac1 Rfe8 18. Rfe1 Rd6 19. h3 Bd7 20. Nf3 b6 21. Red1 Rd8 22. Ng5 Bf5 23. Ne4 Bxe4 24. Bxe4 Ne5 25. Qc2 g6 26. Bg2 d3 27. exd3 Nxd3 28. Rb1 Nb4 29. Qe2 Nxa2 30. Rxd6 Qxd6 31. Bf3 Nb4 32. Rc1 Kg7 33. Qc4 Re8 34. Rd1 Qe7 35. Qc3+ Kg8 36. Qd4 Rc8 37. Qd7 Qxd7 38. Rxd7 a5 39. Kg2 Rc2 40. Rb7 Rxb2 41. Rb8+ Kg7 42. Rb7 a4 43. Ra7 b5 44. Rb7 Nd3 45. Bd5 Rxf2+ 46. Kg1 Rf5 47. Be4 Nc5 48. Rxb5 Nxe4 49. Rxf5 gxf5 0-1

[Event "FIDE WRBTC Blitz-Pool 2024"]
[Site "Astana"]
[Date "2024.08.05"]
[Round "3.23"]
[White "Akhmet, Suleyman"]
[Black "Tregubenko, Nikolay"]
[Result "1/2-1/2"]
[WhiteElo "1730"]
[BlackElo "2023"]
[Annotator "ChessBase"]
[PlyCount "128"]
[EventDate "2024.08.01"]
[EventType "team-tourn"]
[EventCountry "KAZ"]
[SourceTitle "playchess.com"]
[Source "ChessBase"]
[SourceQuality "1"]

1. d4 Nf6 2. c4 g6 3. h4 Bg7 4. Nc3 O-O 5. e4 d6 6. Be2 c5 7. d5 e6 8. h5 exd5 9. exd5 Re8 10. h6 Bh8 11. Nf3 Ne4 12. Nxe4 Rxe4 13. O-O Bg4 14. Qc2 Re8 15. Be3 Nd7 16. Rad1 Qb6 17. b3 a5 18. a4 Nf6 19. Rfe1 Ne4 20. Ng5 Bxe2 21. Rxe2 Nxg5 22. Bxg5 Rxe2 23. Qxe2 Qxb3 24. Re1 Be5 25. Bf6 Re8 26. Bxe5 Rxe5 27. Qd2 f6 28. Rxe5 fxe5 29. Qxa5 Qd1+ 30. Kh2 Qh5+ 31. Kg1 Qxh6 32. Qd8+ Qf8 33. Qc7 Qf4 34. Qxd6 Qc1+ 35. Kh2 Qf4+ 36. Kg1 Qc1+ 37. Kh2 Qh6+ 38. Kg1 Qc1+ 39. Kh2 Qf4+ 40. Kg1 Qc1+ 41. Kh2 Qf4+ 42. Kg1 Qc1+ 43. Kh2 Qf4+ 44. Kg1 Qc1+ 45. Kh2 Qh6+ 46. Kg1 Qc1+ 47. Kh2 Qf4+ 48. Kg1 Qc1+ 49. Kh2 Qh6+ 50. Kg1 Qc1+ 51. Kh2 Qxc4 52. Qxe5 Qxa4 53. Qe7 Qf4+ 54. Kg1 Qc1+ 55. Kh2 Qh6+ 56. Kg3 g5 57. d6 Qh4+ 58. Kf3 Qf4+ 59. Ke2 Qc4+ 60. Kd2 Qd4+ 61. Ke1 Qc3+ 62. Ke2 Qc4+ 63. Ke3 Qd4+ 64. Ke2 Qc4+ 1/2-1/2

[Event "FIDE WRBTC Blitz-Pool 2024"]
[Site "Astana"]
[Date "2024.08.05"]
[Round "3.23"]
[White "Ivlev, Andrey"]
[Black "Akhmediyar, Yernur"]
[Result "1/2-1/2"]
[WhiteElo "1578"]
[BlackElo "1853"]
[Annotator "NA"]
[PlyCount "59"]
[EventDate "2024.08.01"]
[EventType "team-tourn"]
[EventCountry "KAZ"]
[SourceTitle "playchess.com"]
[Source "ChessBase"]
[SourceQuality "1"]

1. e4 c5 2. Nf3 Nc6 3. b3 e5 4. Bb2 d6 5. d3 f5 6. Nbd2 Nf6 7. g3 Be6 8. Bg2 h6 9. Nh4 fxe4 10. Nxe4 Qd7 11. Qd2 O-O-O 12. O-O-O d5 13. Nc3 Nd4 14. Nf3 Bd6 15. Rhe1 Nxf3 16. Bxf3 Rhe8 17. Nb1 Kb8 18. Bxe5 Bxe5 19. Rxe5 Bf7 20. Rde1 Qd6 21. Rxe8 Rxe8 22. Rxe8+ Bxe8 23. Nc3 Bc6 24. Qe2 a6 25. Kb2 Ka7 26. Kb1 Ka8 27. Kb2 Ka7 28. Kb1 Ka8 29. Kb2 Ka7 30. Kb1 1/2-1/2

[Event "FIDE WRBTC Blitz-Pool 2024"]
[Site "Astana"]
[Date "2024.08.05"]
[Round "3.24"]
[White "Balakirev, Nikoly"]
[Black "Karepov, Ilya"]
[Result "1-0"]
[WhiteElo "1885"]
[BlackElo "1719"]
[Annotator "NA"]
[PlyCount "87"]
[EventDate "2024.08.01"]
[EventType "team-tourn"]
[EventCountry "KAZ"]
[SourceTitle "playchess.com"]
[Source "ChessBase"]
[SourceQuality "1"]

1. e4 c6 2. Nc3 d5 3. Nf3 dxe4 4. Nxe4 Nf6 5. Nxf6+ exf6 6. d4 Bd6 7. Bd3 Na6 8. Bxa6 bxa6 9. O-O O-O 10. h3 Rb8 11. c4 Bf5 12. b3 a5 13. Bb2 a4 14. Re1 Bb4 15. Re3 a3 16. Bc3 Bxc3 17. Rxc3 Re8 18. Qc1 Qa5 19. Re3 h6 20. Qe1 Qxe1+ 21. Raxe1 Rxe3 22. fxe3 a5 23. e4 Bg6 24. d5 c5 25. Nd2 a4 26. Kf2 Kf8 27. Rb1 axb3 28. axb3 Ke7 29. Ra1 Ra8 30. Nb1 Bxe4 31. Rxa3 Rb8 32. Nc3 Bc2 33. Nb5 Be4 34. Ra7+ Kf8 35. Nd6 Bg6 36. Rb7 Ra8 37. Rc7 Ra3 38. Rxc5 Rxb3 39. Rc7 Rd3 40. Nb7 Ke8 41. d6 Be4 42. Re7+ Kf8 43. Rd7 Bxb7 44. Rd8# 1-0

[Event "FIDE WRBTC Blitz-Pool 2024"]
[Site "Astana"]
[Date "2024.08.05"]
[Round "3.24"]
[White "Berikkyzy Alanna"]
[Black "Kertaev, Natan"]
[Result "0-1"]
[WhiteElo "1869"]
[BlackElo "1828"]
[Annotator "NA"]
[PlyCount "76"]
[EventDate "2024.08.01"]
[EventType "team-tourn"]
[EventCountry "KAZ"]
[SourceTitle "playchess.com"]
[Source "ChessBase"]
[SourceQuality "1"]

1. e4 e6 2. d4 d5 3. e5 c5 4. c3 Nc6 5. Nf3 Bd7 6. Be2 f6 7. O-O fxe5 8. Nxe5 Nxe5 9. dxe5 Qc7 10. f4 O-O-O 11. a4 Nh6 12. Na3 Kb8 13. Bd2 c4 14. b3 cxb3 15. Qxb3 Bc5+ 16. Kh1 Nf5 17. c4 dxc4 18. Nxc4 Bc6 19. Ba5 b6 20. Rfb1 Qb7 21. Bf1 h5 22. Bxb6 axb6 23. a5 h4 24. h3 Ng3+ 25. Kh2 Nxf1+ 26. Rxf1 Bxg2 27. axb6 Bxf1 28. Rxf1 g5 29. Ra1 g4 30. hxg4 h3 31. Qg3 Qg2+ 32. Qxg2 hxg2+ 33. Kxg2 Rd4 34. b7 Kxb7 35. Na5+ Kc7 36. Rc1 Kb6 37. Nc4+ Kb5 38. Kf3 Rxc4 0-1

[Event "FIDE WRBTC Blitz-Pool 2024"]
[Site "Astana"]
[Date "2024.08.05"]
[Round "3.24"]
[White "Muratova, Saltanat"]
[Black "Sembay, Aisana"]
[Result "1-0"]
[WhiteElo "1845"]
[BlackElo "1527"]
[Annotator "NA"]
[PlyCount "31"]
[EventDate "2024.08.01"]
[EventType "team-tourn"]
[EventCountry "KAZ"]
[SourceTitle "playchess.com"]
[Source "ChessBase"]
[SourceQuality "1"]

1. e4 c5 2. Nc3 g6 3. f4 d6 4. Nf3 Bg7 5. Bc4 e6 6. O-O Ne7 7. d3 O-O 8. Qe1 a6 9. a4 Nbc6 10. f5 exf5 11. Qh4 Ne5 12. Bg5 Re8 13. Nxe5 dxe5 14. Nd5 Bf8 15. Nf6+ Kg7 16. Qxh7# 1-0

[Event "FIDE WRBTC Blitz-Pool 2024"]
[Site "Astana"]
[Date "2024.08.05"]
[Round "3.25"]
[White "Grischuk, Alexander"]
[Black "Akylbek, Zhaksylyk"]
[Result "1-0"]
[WhiteElo "2708"]
[BlackElo "1662"]
[Annotator "ChessBase"]
[PlyCount "65"]
[EventDate "2024.08.01"]
[EventType "team-tourn"]
[EventCountry "KAZ"]
[SourceTitle "playchess.com"]
[Source "ChessBase"]
[SourceQuality "1"]

1. d4 d5 2. Nf3 c6 3. Bg5 h6 4. Bh4 Nd7 5. e3 Qb6 6. Qc1 f5 7. c4 Ngf6 8. Nc3 e6 9. Bd3 Ne4 10. Qc2 Bb4 11. a3 Bxc3+ 12. bxc3 O-O 13. O-O Ndf6 14. Ne5 Qc7 15. f3 Nd6 16. c5 Nf7 17. Ng6 Re8 18. Bxf6 gxf6 19. e4 fxe4 20. fxe4 dxe4 21. Bxe4 f5 22. Bd3 Kh7 23. Nf4 Bd7 24. Rae1 Ng5 25. h4 Nf7 26. Nxe6 Bxe6 27. Rxe6 Rxe6 28. Bxf5+ Kh8 29. Bxe6 Nd8 30. Rf8+ Kg7 31. Rg8+ Kf6 32. Qg6+ Ke7 33. Re8# 1-0

[Event "FIDE WRBTC Blitz-Pool 2024"]
[Site "Astana"]
[Date "2024.08.05"]
[Round "3.26"]
[White "Al-Mudahka, Mohd"]
[Black "Yu, Yangyi"]
[Result "1/2-1/2"]
[WhiteElo "2542"]
[BlackElo "2703"]
[Annotator "ChessBase"]
[PlyCount "125"]
[EventDate "2024.08.01"]
[EventType "team-tourn"]
[EventCountry "KAZ"]
[SourceTitle "playchess.com"]
[Source "ChessBase"]
[SourceQuality "1"]

1. e4 c5 2. Nc3 e6 3. Nf3 a6 4. d4 cxd4 5. Nxd4 Qc7 6. g3 Bb4 7. Nde2 Nf6 8. Bg2 O-O 9. O-O Nc6 10. Bf4 Qa5 11. a3 Be7 12. Bd6 Bxd6 13. Qxd6 Ne8 14. Qd2 Nf6 15. Qd6 Rd8 16. Rad1 Qe5 17. f4 Qxd6 18. Rxd6 Ne8 19. Rd2 d6 20. Rfd1 Rb8 21. Nd4 Bd7 22. Nxc6 Bxc6 23. e5 Bxg2 24. Kxg2 d5 25. Ne2 Rbc8 26. Nd4 Rc4 27. c3 g6 28. g4 Ng7 29. Kg3 Kf8 30. Rf1 Re8 31. Rdf2 Kg8 32. f5 exf5 33. gxf5 Rxe5 34. fxg6 Rg5+ 35. Kh4 Rh5+ 36. Kg3 hxg6 37. Rxf7 Nf5+ 38. Nxf5 Kxf7 39. Ne3+ Ke6 40. Nxc4 dxc4 41. Rf4 Rb5 42. Rxc4 Rxb2 43. a4 Rb3 44. Kg4 Kf6 45. h4 Ra3 46. Kf4 Ra1 47. Kg4 Rg1+ 48. Kf3 Ra1 49. Kg4 Rg1+ 50. Kf3 Rb1 51. Kg4 Rb2 52. Rc7 Rg2+ 53. Kf3 Ra2 54. Rxb7 Rxa4 55. Kg3 Ra3 56. Kg4 Ra4+ 57. Kg3 a5 58. Rb6+ Kg7 59. Ra6 Kh6 60. c4 Kh5 61. c5 Ra3+ 62. Kf2 Ra2+ 63. Kg3 1/2-1/2

[Event "FIDE WRBTC Blitz-Pool 2024"]
[Site "Astana"]
[Date "2024.08.05"]
[Round "3.26"]
[White "Abuzyarov, Arlan"]
[Black "Svidler, Peter"]
[Result "1/2-1/2"]
[WhiteElo "1851"]
[BlackElo "2698"]
[Annotator "ChessBase"]
[PlyCount "128"]
[EventDate "2024.08.01"]
[EventType "team-tourn"]
[EventCountry "KAZ"]
[SourceTitle "playchess.com"]
[Source "ChessBase"]
[SourceQuality "1"]

1. d4 d6 2. Nf3 Bg4 3. e3 Nd7 4. Be2 Ngf6 5. b3 e5 6. dxe5 dxe5 7. Bb2 Bd6 8. Nbd2 Qe7 9. Nc4 Bb4+ 10. c3 Bc5 11. b4 Bd6 12. Nxd6+ cxd6 13. a3 e4 14. Nd4 Ne5 15. O-O Bxe2 16. Qxe2 O-O 17. c4 Nd3 18. Nf5 Qe6 19. Bxf6 Qxf5 20. Bd4 Rac8 21. f3 Rxc4 22. fxe4 Qxe4 23. Qf3 Qxf3 24. Rxf3 Ne5 25. Rf5 Nc6 26. Rd5 Rd8 27. Rd1 f6 28. e4 Kf7 29. Bb2 Ke6 30. b5 Ne5 31. R5d4 Rxd4 32. Bxd4 b6 33. Rc1 Kd7 34. Bxe5 fxe5 35. Kf2 Rc8 36. Rb1 Rc4 37. Ke3 Rc3+ 38. Kd2 Rxa3 39. Rf1 Ke6 40. Rc1 Ra2+ 41. Ke3 Rxg2 42. Rc7 Rxh2 43. Rxg7 Rb2 44. Rxa7 Rxb5 45. Rxh7 Rb3+ 46. Kd2 b5 47. Rb7 Kf6 48. Rb6 Kg5 49. Rxd6 Kf4 50. Rb6 Kxe4 51. Rb8 b4 52. Kc2 Rc3+ 53. Kd2 Rc4 54. Rb7 Kf3 55. Rf7+ Rf4 56. Re7 e4 57. Rb7 e3+ 58. Ke1 Rc4 59. Rf7+ Ke4 60. Re7+ Kd3 61. Rd7+ Kc2 62. Ke2 b3 63. Kxe3 b2 64. Rb7 b1=Q 1/2-1/2

[Event "FIDE WRBTC Blitz-Pool 2024"]
[Site "Astana"]
[Date "2024.08.05"]
[Round "3.27"]
[White "Mamedyarov, Shakhriyar"]
[Black "Matymov, Madi"]
[Result "1-0"]
[WhiteElo "2733"]
[BlackElo "1824"]
[Annotator "TA"]
[PlyCount "67"]
[EventDate "2024.08.01"]
[EventType "team-tourn"]
[EventCountry "KAZ"]
[SourceTitle "playchess.com"]
[Source "ChessBase"]
[SourceQuality "1"]

1. d4 d5 2. c4 c6 3. Nf3 Nf6 4. Nc3 Nbd7 5. cxd5 cxd5 6. Bf4 e6 7. e3 Bb4 8. Bd3 O-O 9. O-O Bxc3 10. bxc3 a6 11. Ne5 Nxe5 12. Bxe5 Nd7 13. Bg3 b5 14. e4 Bb7 15. e5 f5 16. exf6 Nxf6 17. Be5 Rc8 18. Rc1 Qe7 19. f3 Rc6 20. Qd2 Rfc8 21. Rfe1 Nd7 22. Bg3 Nf8 23. h4 b4 24. cxb4 Rxc1 25. Rxc1 Rxc1+ 26. Qxc1 Qxb4 27. Qe3 Bc6 28. a3 Qb7 29. Bd6 Qc8 30. Be5 Bb5 31. Qg5 Qd7 32. Bc2 Ba4 33. Bxa4 Qxa4 34. Qxg7# 1-0